01379nam a2200325Ia 4500001001200000003000800012006001900020007001500039008004100054020001800095020001800113040002100131035002100152050002300173100003200196245011200228260004500340300001100385440004500396500009300441504004100534533015200575650005900727650004500786650003300831655002900864710001700893856012600910999001701036ebr10619287CaPaEBRm u cr cn|||||||||121104s2012 gw sb 000 0 eng d z9783631638118 z9783653019841 aCaPaEBRcCaPaEBR a(OCoLC)81604141314aP57.A9bH55 2012eb1 aHill, Kathrynq(Kathryn M.)10aClassroom-based assessment in the school foreign language classroomh[electronic resource] /cKathryn Hill. aFrankfurt am Main :bPeter Lang,cc2012. a234 p. 0aLanguage testing and evaluation ;vv. 27 aOriginally presented as the author's thesis (doctoral) -- University of Melbourne, 2008. aIncludes bibliographical references. aElectronic reproduction.bPalo Alto, Calif. :cebrary,d2011.nAvailable via World Wide Web.nAccess may be limited to ebrary affiliated libraries. 0aLanguage and languagesxStudy and teachingzAustralia. 0aLanguage teachersxRating ofzAustralia. 0aSecond language acquisition. 7aElectronic books.2local2 aebrary, Inc.40uhttp://site.ebrary.com/lib/rucke/Doc?id=10619287zAn electronic book accessible through the World Wide Web; click to view c74694d74694